000 00856nam a22002417a 4500
003 DO-SdBNP
005 20221207160909.0
007 ta
008 110301s2022 dr 000 0 spa d
020 _a9789945934311
040 _aDO-SdBNP
_bspa
_cBNPHU
082 4 _axxxx
_bS211a
100 _aSanchez, Rafael Augusto
_983004
245 1 0 _aAsesinato de Rafael Augusto (papito) Sánchez Sanlley y de Segundo Imbert Barrera /
_cRafael Augusto Sánchez (hijo), Manuel Cáceres Troncoso (memé) ; presentación Luisa de ^Peña Díaz
260 _aSanto Domingo :
_bMuseo Memorial de la Resistencia Dominicana,
_c2022.
300 _a79 p. :
_c22 cm.
490 _aTertulia
_v6
590 _aInventariado, 2022/ YL
700 1 2 _aCáceres Troncoso, Manuel
_983005
700 1 2 _aPeña Díaz, Luisa de
_epres.
_983006
910 _aYLockward
942 _2ddc
_cLBS1
999 _c53091
_d53091